00439 2200169 4500001002100000008004100021035002000062245004100082100002200123260003400145300002100179020001800200084001400218082000800232650001600240990001300256INLIS000000000001050 ind  a0010-0120001050 aLabirin Merah SagacLabirin Lazuardi aLazuardi, Labirin aSolo :bTiga Serangkai,c2007 a244 hlm.c18 cm. a979-33-0514-2 a813 LAZ l a813 aNovel Fiksi a11900564